[Event "NK Jeugd A"]
[Site "Assen"]
[Date "2017.04.23"]
[Round "1.1"]
[White "Kalle, Erwin"]
[Black "Van Foreest, Lucas"]
[Result "0-1"]
[WhiteElo "2039"]
[BlackElo "2477"]
[PlyCount "72"]
[EventDate "2017.??.??"]

1. e4 e5 2. Nf3 Nc6 3. Bc4 Nf6 4. d3 Bc5 5. O-O O-O 6. Nbd2 a6 7. c3 Ba7 8. h3
d6 9. Bb3 Be6 10. Re1 h6 11. Nf1 Re8 12. Bc2 d5 13. Qe2 Qd6 14. Ng3 Rad8 15.
Nh4 Ne7 16. Qf3 Nh7 17. Ngf5 Bxf5 18. Nxf5 Nxf5 19. Qxf5 Re6 20. d4 exd4 21. e5
g6 22. Qf4 Qb6 23. Qxh6 dxc3 24. Qh4 Rde8 25. bxc3 Rxe5 26. Rxe5 Rxe5 27. Qd8+
Kg7 28. Be3 Rxe3 29. fxe3 Qxe3+ 30. Kh1 Qxc3 31. Rf1 Qxc2 32. Qe7 Bf2 33. Qe5+
Nf6 34. Qf4 Ne4 35. Qe5+ Kh7 36. Qxd5 Ng3+ 0-1

[Event "NK Jeugd A"]
[Site "Assen"]
[Date "2017.04.23"]
[Round "1.3"]
[White "Van Hoorn, Geert"]
[Black "Schoppen, Casper"]
[Result "0-1"]
[WhiteElo "1952"]
[BlackElo "2423"]
[PlyCount "120"]
[EventDate "2017.??.??"]

1. e4 e5 2. f4 exf4 3. Nf3 d5 4. exd5 Bd6 5. Bb5+ Bd7 6. Bxd7+ Nxd7 7. O-O Ne7
8. c4 O-O 9. Nc3 c6 10. dxc6 bxc6 11. d4 h6 12. Ne4 Bc7 13. b3 Re8 14. Qc2 Nf5
15. Re1 Nf6 16. Nxf6+ Qxf6 17. Rxe8+ Rxe8 18. Bb2 Ne3 19. Qf2 Qf5 20. Re1 Ba5
21. Rc1 Qe4 22. a3 Re6 23. b4 Rg6 24. Nh4 Rg4 25. bxa5 Rxh4 26. Qf3 Qg6 27. h3
Rh5 28. Kh2 Rg5 29. Rg1 Rg3 30. Qf2 Qh5 31. Qxf4 Nf5 32. Rf1 Qg6 33. Rf2 Rg5
34. a6 Nd6 35. c5 Rf5 36. Qh4 Nc4 37. Rxf5 Qxf5 38. Bc1 Qb1 39. Bf4 Qe4 40. Qg3
g5 41. Bb8 Qxd4 42. Bd6 Nxd6 43. cxd6 Kf8 44. d7 Qxd7 45. Qb8+ Kg7 46. Qe5+ Kg6
47. Qe4+ Kf6 48. h4 Qd6+ 49. Kh1 Qd5 50. Qe3 c5 51. hxg5+ hxg5 52. Qc3+ Ke6 53.
Qh3+ Kf6 54. Qc3+ Kg6 55. Qc2+ Qf5 56. Qc4 Qe5 57. Qd3+ Kg7 58. Qd7 Qe1+ 59.
Kh2 Qh4+ 60. Kg1 Qd4+ 0-1

[Event "NK Jeugd A"]
[Site "Assen"]
[Date "2017.04.23"]
[Round "1.4"]
[White "Kevlishvili, Robby"]
[Black "Damen, Jip"]
[Result "0-1"]
[WhiteElo "2414"]
[BlackElo "1859"]
[PlyCount "114"]
[EventDate "2017.??.??"]

1. e4 g6 2. d4 Bg7 3. Nc3 d6 4. Be3 a6 5. Qd2 b5 6. h4 h5 7. f3 Nd7 8. Nh3 Bb7
9. Ng5 Rc8 10. d5 c5 11. dxc6 Bxc6 12. Bd4 Ngf6 13. a4 Qa5 14. Nb1 Qxd2+ 15.
Nxd2 bxa4 16. Bxa6 Ra8 17. Bc4 e6 18. Ba2 O-O 19. O-O-O d5 20. e5 Ne8 21. f4
Nc7 22. Bc3 Rfb8 23. Ndf3 Nb5 24. Bb4 a3 25. b3 Bf8 26. Be1 Bc5 27. Rd3 Bb6 28.
b4 Bd8 29. Nd4 Nxd4 30. Rxd4 Bb6 31. Rd3 Bb5 32. Rg3 Bd4 33. Kb1 Bb2 34. Rhh3
Nb6 35. Bc3 Bc4 36. f5 Bxc3 37. Rxc3 Na4 38. Rxa3 Rxb4+ 39. Kc1 exf5 40. Kd2
Re8 41. Bxc4 Rxc4 42. Rhd3 Rxh4 43. Rxd5 Nb6 44. Rc5 Nc4+ 45. Rxc4 Rxc4 46. Ra7
Rf8 47. e6 fxe6 48. Nxe6 Rfc8 49. Rg7+ Kh8 50. Rxg6 Rxc2+ 51. Ke3 R8c4 52. Nd4
f4+ 53. Ke4 Rd2 54. Rd6 h4 55. Ke5 Rcxd4 56. Rxd4 Rxd4 57. Kxd4 f3 0-1

[Event "NK Jeugd A"]
[Site "Assen"]
[Date "2017.04.23"]
[Round "1.5"]
[White "Hartevelt, Leendert"]
[Black "Vrolijk, Liam"]
[Result "0-1"]
[WhiteElo "1777"]
[BlackElo "2378"]
[PlyCount "100"]
[EventDate "2017.??.??"]

1. e4 g6 2. d4 Bg7 3. c4 d6 4. Nc3 Nf6 5. Nf3 O-O 6. Be2 e5 7. dxe5 dxe5 8.
Qxd8 Rxd8 9. Bg5 Re8 10. Rd1 Na6 11. O-O Nc5 12. Nd2 c6 13. f3 Ne6 14. Be3 Bf8
15. Nb3 Nd7 16. Na4 b6 17. Rd2 Bb4 18. Rc2 Be7 19. Rd1 f5 20. exf5 gxf5 21. Bd3
Ng7 22. Re2 Nf8 23. Bf2 Ng6 24. Nc3 Be6 25. g3 Rad8 26. c5 b5 27. Ree1 Rd7 28.
Na5 Rc8 29. Bc2 Rxd1 30. Rxd1 Rc7 31. h3 Kf7 32. g4 Nf4 33. Kh2 b4 34. gxf5
Nxf5 35. Bxf5 Bxf5 36. Ne4 Nxh3 37. Bg3 Bxe4 38. Bxe5 Rc8 39. fxe4 Ng5 40. Bd6
Bf6 41. Nc4 Nxe4 42. Rf1 Kg6 43. Re1 Ng5 44. Kg2 h5 45. Bf4 Rg8 46. Bd2 h4 47.
Ne5+ Kf5 48. Nf3 Nxf3+ 49. Kxf3 Rg3+ 50. Ke2 a5 0-1

[Event "NK Jeugd A"]
[Site "Assen"]
[Date "2017.04.23"]
[Round "1.8"]
[White "Den Hartog, Marijn"]
[Black "Nieczyporowski, Miki"]
[Result "1-0"]
[WhiteElo "2227"]
[BlackElo "1616"]
[PlyCount "67"]
[EventDate "2017.??.??"]

1. g3 d5 2. Bg2 c5 3. d3 e5 4. Nf3 Nc6 5. O-O Nf6 6. e4 d4 7. Na3 Bd6 8. Nh4
O-O 9. Nf5 Bxf5 10. exf5 Re8 11. Re1 a6 12. Nc4 Bc7 13. Qf3 Nb4 14. Qd1 Rb8 15.
Nd2 Bd6 16. a3 Nbd5 17. Ne4 Nxe4 18. Bxe4 Nf6 19. g4 Nxe4 20. Rxe4 f6 21. Kh1
b5 22. a4 c4 23. g5 fxg5 24. Qg4 Qd7 25. Bxg5 cxd3 26. cxd3 bxa4 27. Rg1 Rxb2
28. Bf6 Bf8 29. f4 exf4 30. Bxg7 Rxe4 31. Bxf8+ Kxf8 32. Qg8+ Ke7 33. Rg7+ Kf6
34. Qf8+ 1-0

[Event "NK Jeugd A"]
[Site "Assen"]
[Date "2017.04.23"]
[Round "1.9"]
[White "Hofstra, Tijmen"]
[Black "Elgersma, Simon"]
[Result "0-1"]
[WhiteElo "1558"]
[BlackElo "2189"]
[PlyCount "104"]
[EventDate "2017.??.??"]

1. e4 e6 2. d4 d5 3. exd5 Qxd5 4. Nc3 Qd8 5. Nf3 Nf6 6. Bg5 Be7 7. Bd3 Nbd7 8.
Qd2 a6 9. O-O b6 10. Rad1 Bb7 11. Ne5 O-O 12. Qe3 b5 13. a3 Nb6 14. Ne2 Nbd5
15. Qh3 g6 16. c3 Nh5 17. Bh6 Ng7 18. Ng3 Bg5 19. Bxg5 Qxg5 20. Ne4 Qe7 21. Nc5
Nf4 22. Qg3 Ngh5 23. Qg4 f5 24. Qxh5 gxh5 25. Nxb7 Qg7 26. g3 Kh8 27. Nc5 Rg8
28. Kh1 h4 29. Rg1 Nh3 30. Rg2 Rae8 31. Bf1 Qf6 32. Ncd7 Qe7 33. Rd2 f4 34. Nc5
Ref8 35. gxh4 Rxg2 36. Bxg2 Qxh4 37. Nxe6 Nxf2+ 38. Kg1 Nh3+ 39. Bxh3 Rg8+ 40.
Bg4 Qe1+ 41. Kg2 Qxd2+ 42. Kh3 Qe3+ 43. Kh4 Qf2+ 44. Kh3 Qf1+ 45. Kh4 Rg7 46.
Nxg7 Kxg7 47. Kg5 Qc1 48. Nd3 Qd2 49. Nxf4 Qxb2 50. Ne6+ Kf7 51. Nxc7 h6+ 52.
Kf5 Qc2+ 0-1

[Event "NK Jeugd A"]
[Site "Assen"]
[Date "2017.04.23"]
[Round "1.10"]
[White "Van Baar, Esper"]
[Black "Bootsma, Nick"]
[Result "1-0"]
[WhiteElo "2136"]
[BlackElo "1528"]
[PlyCount "45"]
[EventDate "2017.??.??"]

1. e4 e6 2. d4 d5 3. Nd2 Nf6 4. e5 Nfd7 5. c3 c5 6. Bd3 Nc6 7. Ne2 cxd4 8. cxd4
f6 9. exf6 Nxf6 10. O-O Bd6 11. Nf3 Qc7 12. Nc3 a6 13. Bd2 O-O 14. Rc1 Bd7 15.
Re1 Ng4 16. g3 Nf6 17. Na4 h6 18. Ne5 Rac8 19. Nxd7 Nxd7 20. Rxe6 b5 21. Nc3
Nf6 22. Rxf6 gxf6 23. Bxh6 1-0

[Event "NK Jeugd A"]
[Site "Assen"]
[Date "2017.04.23"]
[Round "1.12"]
[White "Van Dael, Siem"]
[Black "Berghuis, Thomas"]
[Result "1-0"]
[WhiteElo "2051"]
[BlackElo "1215"]
[PlyCount "43"]
[EventDate "2017.??.??"]

1. e4 e5 2. Nf3 Nc6 3. Bc4 Bc5 4. c3 Nf6 5. d3 d6 6. O-O O-O 7. Bg5 Bg4 8. h3
Bh5 9. a4 a5 10. Na3 Bxa3 11. Rxa3 h6 12. Bh4 Qe7 13. Re1 Nd8 14. d4 Ne6 15. g4
Bg6 16. dxe5 dxe5 17. Nxe5 Rad8 18. Nxg6 fxg6 19. Qb3 Rfe8 20. e5 g5 21. exf6
gxf6 22. Rxe6 1-0

[Event "NK Jeugd A"]
[Site "Assen"]
[Date "2017.04.24"]
[Round "2.1"]
[White "Van Foreest, Lucas"]
[Black "Den Hartog, Marijn"]
[Result "0-1"]
[WhiteElo "2477"]
[BlackElo "2227"]
[PlyCount "66"]
[EventDate "2017.??.??"]

1. d4 Nf6 2. c4 g6 3. Nc3 Bg7 4. e4 d6 5. f3 O-O 6. Be3 a6 7. Nge2 c6 8. a4 a5
9. g4 e5 10. d5 Ne8 11. Ng3 Bf6 12. Qd2 Bh4 13. O-O-O f6 14. c5 Bg5 15. Bc4 Kg7
16. h4 Bxe3 17. Qxe3 Qc7 18. Rd2 Na6 19. Bxa6 Rxa6 20. cxd6 Nxd6 21. Qc5 Qe7
22. Rdh2 b6 23. Qf2 b5 24. g5 fxg5 25. hxg5 Rh8 26. f4 b4 27. Nd1 cxd5 28. Ne3
exf4 29. Nxd5 Qe5 30. Nxf4 Nxe4 31. Qe2 Qxf4+ 32. Kb1 Bf5 33. Qxa6 Nc5+ 0-1

[Event "NK Jeugd A"]
[Site "Assen"]
[Date "2017.04.24"]
[Round "2.2"]
[White "Elgersma, Simon"]
[Black "Beerdsen, Thomas"]
[Result "0-1"]
[WhiteElo "2189"]
[BlackElo "2446"]
[PlyCount "62"]
[EventDate "2017.??.??"]

1. e4 e5 2. Nf3 Nc6 3. Bb5 a6 4. Ba4 f5 5. d4 exd4 6. e5 b5 7. Bb3 Nge7 8. O-O
Na5 9. c3 Nxb3 10. Qxb3 c5 11. cxd4 c4 12. Qc2 Bb7 13. Nc3 Qb6 14. Be3 Qg6 15.
Qe2 Nd5 16. Kh1 Be7 17. Rfc1 O-O 18. a4 Nxc3 19. bxc3 Bd5 20. Rcb1 Qc6 21. axb5
axb5 22. Rxa8 Rxa8 23. Ne1 Ra3 24. Qb2 Be4 25. Rd1 Qa6 26. Qc1 Ra2 27. Bg5 Rxf2
28. Nf3 Rxf3 29. Bxe7 Rf2 30. Rg1 Qa8 31. Qg5 Rxg2 0-1

[Event "NK Jeugd A"]
[Site "Assen"]
[Date "2017.04.24"]
[Round "2.3"]
[White "Schoppen, Casper"]
[Black "Van Baar, Esper"]
[Result "1-0"]
[WhiteElo "2423"]
[BlackElo "2136"]
[PlyCount "97"]
[EventDate "2017.??.??"]

1. e4 c5 2. Nf3 d6 3. d4 cxd4 4. Nxd4 Nf6 5. Nc3 a6 6. Be3 e5 7. Nf3 Be7 8. Bc4
O-O 9. O-O Be6 10. Bb3 Nc6 11. Qe2 Rc8 12. Rfd1 Qc7 13. Rac1 Rfd8 14. a3 h6 15.
Nd5 Bxd5 16. Bxd5 Nxd5 17. Rxd5 Nb8 18. c4 Nd7 19. Rdd1 b6 20. Nd2 Qb7 21. f3
Rc6 22. Rc3 Nc5 23. Rdc1 Ne6 24. Nf1 Rdc8 25. Qd2 Qc7 26. Ng3 Qd8 27. Nf5 Bg5
28. Bxg5 hxg5 29. Ne3 Nd4 30. Nc2 Nxc2 31. R1xc2 Qe7 32. h3 f6 33. Kh2 Qe6 34.
Qd3 Kf7 35. Rc1 Ke7 36. b4 R8c7 37. a4 a5 38. bxa5 bxa5 39. Qb1 Qc8 40. Rb3
Rxc4 41. Rxc4 Rxc4 42. Rb8 Rc1 43. Qb3 Qc4 44. Qb7+ Qc7 45. Qb5 Qd7 46. Qxa5
Rc5 47. Qb6 Rc6 48. Qb3 Rc7 49. Qg8 1-0

[Event "NK Jeugd A"]
[Site "Assen"]
[Date "2017.04.24"]
[Round "2.4"]
[White "Vrolijk, Liam"]
[Black "De Boer, Bas"]
[Result "1-0"]
[WhiteElo "2378"]
[BlackElo "2107"]
[PlyCount "63"]
[EventDate "2017.??.??"]

1. d4 d5 2. c4 c6 3. Nf3 Nf6 4. e3 Bg4 5. h3 Bh5 6. g4 Bg6 7. Ne5 e6 8. Nxg6
hxg6 9. Nd2 g5 10. Bg2 Be7 11. O-O Nbd7 12. Re1 Qc7 13. a3 O-O-O 14. b4 Ne4 15.
b5 cxb5 16. cxd5 exd5 17. Nxe4 dxe4 18. Bd2 Kb8 19. Qb1 f5 20. Qxb5 fxg4 21.
Rec1 Qb6 22. Qxb6 Nxb6 23. hxg4 Rh4 24. Bxe4 Rxg4+ 25. Bg2 Nd5 26. Rcb1 b6 27.
a4 Rh4 28. a5 Rh6 29. Kf1 Rf6 30. Ke2 Nc7 31. axb6 Rxb6 32. Ba5 1-0

[Event "NK Jeugd A"]
[Site "Assen"]
[Date "2017.04.24"]
[Round "2.5"]
[White "Damen, Jip"]
[Black "Warmerdam, Max"]
[Result "0-1"]
[WhiteElo "1859"]
[BlackElo "2351"]
[PlyCount "74"]
[EventDate "2017.??.??"]

1. g3 c5 2. Bg2 Nc6 3. e4 g6 4. Ne2 Bg7 5. O-O e6 6. Nbc3 Nge7 7. d3 d6 8. Bg5
h6 9. Be3 Nd4 10. Qd2 Nec6 11. Nd1 b5 12. c3 Nxe2+ 13. Qxe2 Bb7 14. f4 O-O 15.
Nf2 Qd7 16. Rad1 b4 17. d4 cxd4 18. cxd4 Ne7 19. Nd3 a5 20. Qd2 Kh7 21. Nf2
Rfc8 22. Rc1 Qa4 23. b3 Qa3 24. Qe2 Ba6 25. Nd3 a4 26. Rb1 Rc3 27. Rfd1 Rac8
28. Bf1 axb3 29. axb3 Rxb3 30. Ra1 Bxd3 31. Qf2 Bxf1 32. Rxa3 bxa3 33. Kxf1 Rb2
34. Qe1 a2 35. e5 Nd5 36. Bd2 dxe5 37. dxe5 Rcc2 0-1

[Event "NK Jeugd A"]
[Site "Assen"]
[Date "2017.04.24"]
[Round "2.6"]
[White "Vereggen, Lars"]
[Black "Van Dael, Siem"]
[Result "0-1"]
[WhiteElo "2334"]
[BlackElo "2051"]
[PlyCount "134"]
[EventDate "2017.??.??"]

1. d4 Nf6 2. Bg5 Ne4 3. Bf4 c5 4. f3 Nf6 5. d5 d6 6. e4 g6 7. Nd2 Bg7 8. c3 O-O
9. g4 e6 10. Nc4 e5 11. Bg5 h6 12. Be3 h5 13. h3 b5 14. Nd2 Na6 15. a4 b4 16.
c4 Nh7 17. h4 Bd7 18. b3 Nf6 19. Be2 Qc8 20. Nf1 hxg4 21. Ng3 Nh5 22. Nxh5 gxh5
23. fxg4 Bxg4 24. Bxg4 hxg4 25. h5 f5 26. h6 Bf6 27. exf5 Qxf5 28. Ne2 Qe4 29.
Kd2 Kh7 30. Qb1 Qxb1 31. Raxb1 Rg8 32. Ng3 Nc7 33. Nf5 Ne8 34. Rbf1 Rb8 35. Ke2
Rb7 36. Kf2 Rf7 37. Kg3 Bg5 38. Bxg5 Rxg5 39. Ne3 Rf3+ 40. Rxf3 gxf3+ 41. Kxf3
Nf6 42. Rh4 Kg6 43. Rh2 Nh5 44. Nf1 Kxh6 45. Nd2 Rg3+ 46. Kf2 Rd3 47. Kf1 Kg6
48. Ke1 Nf6 49. Rh8 e4 50. Ke2 Rc3 51. Rd8 e3 52. Nf1 Rxb3 53. Rxd6 Ra3 54.
Nxe3 b3 55. Rd8 Ne4 56. Rb8 Nd6 57. a5 Kf6 58. Kd2 Ke5 59. Kd3 b2+ 60. Ke2 Ke4
61. Nc2 Ra2 62. Kd2 Nxc4+ 63. Kc3 Kxd5 64. Rd8+ Nd6 65. Rb8 Ne4+ 66. Kd3 c4+
67. Ke3 b1=Q 0-1

[Event "NK Jeugd A"]
[Site "Assen"]
[Date "2017.04.24"]
[Round "2.7"]
[White "Bosma, Jan"]
[Black "Kevlishvili, Robby"]
[Result "0-1"]
[WhiteElo "1684"]
[BlackElo "2414"]
[PlyCount "92"]
[EventDate "2017.??.??"]

1. c4 e5 2. g3 Nf6 3. Bg2 d5 4. cxd5 Nxd5 5. Nc3 Nb6 6. Nf3 Nc6 7. O-O Be7 8.
d3 O-O 9. a3 Be6 10. b4 f6 11. Bb2 a5 12. b5 Na7 13. d4 Nc4 14. Bc1 e4 15. Nxe4
Nxb5 16. a4 Nbd6 17. Nc5 Bd5 18. Qc2 b6 19. e4 Bc6 20. Ne6 Bxe4 21. Qe2 Qc8 22.
Nxf8 Bxf8 23. Nd2 Nxd2 24. Bxd2 Bxg2 25. Kxg2 Qd7 26. Rfe1 Re8 27. Qd3 Rd8 28.
Bf4 Nf7 29. Qc4 g5 30. Be3 Bd6 31. Rac1 h5 32. Qc6 Qc8 33. Qf3 Kg7 34. Rh1 h4
35. gxh4 g4 36. Qe2 Rh8 37. Rcg1 Rxh4 38. Kf1 Qf5 39. f4 Ng5 40. Qf2 Rh3 41.
fxg5 Rf3 42. gxf6+ Kf7 43. Ke1 Bb4+ 44. Kf1 Rxf2+ 45. Bxf2 Qd3+ 46. Kg2 Qh3#
0-1

[Event "NK Jeugd A"]
[Site "Assen"]
[Date "2017.04.24"]
[Round "2.9"]
[White "Bootsma, Nick"]
[Black "Van Hoorn, Geert"]
[Result "0-1"]
[WhiteElo "1528"]
[BlackElo "1952"]
[PlyCount "50"]
[EventDate "2017.??.??"]

1. e4 c5 2. c3 d6 3. d4 Nf6 4. Bd3 Nc6 5. Ne2 g6 6. O-O Bg7 7. h3 O-O 8. Be3
cxd4 9. cxd4 Nb4 10. Nbc3 Nxd3 11. Qxd3 a6 12. a4 Be6 13. a5 Rc8 14. d5 Bd7 15.
Rfd1 Qc7 16. Rdc1 Qc4 17. Rd1 Qxd3 18. Rxd3 Rc4 19. b3 Rb4 20. Na2 Rxe4 21. Ng3
Re5 22. Rad1 Bb5 23. Rd4 Nh5 24. Ne4 f5 25. Ng5 f4 0-1

[Event "NK Jeugd A"]
[Site "Assen"]
[Date "2017.04.24"]
[Round "2.10"]
[White "Berghuis, Thomas"]
[Black "Hartevelt, Leendert"]
[Result "0-1"]
[WhiteElo "1215"]
[BlackElo "1777"]
[PlyCount "80"]
[EventDate "2017.??.??"]

1. e4 c5 2. Nf3 d6 3. c3 Nf6 4. d3 Nc6 5. Be3 g6 6. Nbd2 Bg7 7. d4 cxd4 8. cxd4
Ng4 9. Qb3 O-O 10. h3 Nxe3 11. Qxe3 Qb6 12. Nc4 Qb4+ 13. Qc3 Qxc3+ 14. bxc3 b5
15. Ne3 b4 16. Bb5 Bb7 17. Nd5 Rae8 18. cxb4 e6 19. Ne3 Nxd4 20. Nxd4 Bxd4 21.
Bxe8 Bxa1 22. O-O Bd4 23. Bd7 Bxe4 24. Rd1 Bxe3 25. fxe3 Bd5 26. a3 Rd8 27. Bb5
Rc8 28. Kf2 Rc2+ 29. Be2 Ra2 30. Rc1 Rxa3 31. b5 Ra2 32. Kf1 Bxg2+ 33. Kxg2
Rxe2+ 34. Kf3 Rb2 35. Rc8+ Kg7 36. Rb8 d5 37. Kf4 Kf6 38. Rb7 h5 39. h4 Rb3 40.
e4 e5# 0-1

[Event "NK Jeugd A"]
[Site "Assen"]
[Date "2017.04.24"]
[Round "2.11"]
[White "Van Doren, Bas"]
[Black "De Boer, Sipke"]
[Result "1-0"]
[WhiteElo "1755"]
[BlackElo "1363"]
[PlyCount "61"]
[EventDate "2017.??.??"]

1. e4 d5 2. exd5 Qxd5 3. Nc3 Qa5 4. d4 Nf6 5. Bd2 c6 6. h3 Bf5 7. Nf3 Nbd7 8.
Bc4 e6 9. a3 h6 10. O-O Qc7 11. Re1 Bd6 12. b4 O-O 13. Bb3 a5 14. b5 cxb5 15.
Nxb5 Qb6 16. a4 Ne8 17. Nh4 Bh7 18. Be3 Qc6 19. d5 exd5 20. Bxd5 Qxc2 21. Qf3
Ne5 22. Qg3 Nd3 23. Nxd6 Nxe1 24. Nxe8 Rfxe8 25. Bd4 g5 26. Qd6 Ra6 27. Qd7 Rf8
28. Rxe1 gxh4 29. Bxf7+ Rxf7 30. Re8+ Rf8 31. Qg7# 1-0

[Event "NK Jeugd A"]
[Site "Assen"]
[Date "2017.04.24"]
[Round "2.12"]
[White "Nieczyporowski, Miki"]
[Black "Kalle, Erwin"]
[Result "0-1"]
[WhiteElo "1616"]
[BlackElo "2039"]
[PlyCount "100"]
[EventDate "2017.??.??"]

1. e4 e5 2. Nf3 Nc6 3. d4 exd4 4. Bc4 Nf6 5. O-O Nxe4 6. Re1 d5 7. Bxd5 Qxd5 8.
Nc3 Qa5 9. Nxe4 Be6 10. Neg5 O-O-O 11. Nxe6 fxe6 12. Rxe6 Be7 13. Qd3 Qd5 14.
Re4 Nb4 15. Qe2 Bf6 16. Ne1 d3 17. cxd3 Nxd3 18. Nxd3 Qxd3 19. Qxd3 Rxd3 20.
Kf1 Rhd8 21. Rb1 Rd1+ 22. Re1 R8d5 23. Be3 Rxb1 24. Rxb1 Ra5 25. a3 Rb5 26. b3
a5 27. a4 Rh5 28. h3 b5 29. Bd2 Be7 30. g3 Rxh3 31. Kg2 Rh5 32. Rc1 b4 33. Be3
Rd5 34. Bf4 Bc5 35. Kf3 Kd7 36. Ke4 Rd4+ 37. Ke5 Bb6 38. Be3 Rd3 39. Bxb6 cxb6
40. Rb1 Kc6 41. Ke4 Rc3 42. Kd4 b5 43. Re1 Rxb3 44. axb5+ Kxb5 45. Re5+ Ka4 46.
Re7 Rf3 47. Rxg7 b3 48. Kc4 b2 49. Rb7 Ka3 50. Rb5 a4 0-1

[Event "NK Jeugd A"]
[Site "Assen"]
[Date "2017.04.24"]
[Round "3.1"]
[White "Beerdsen, Thomas"]
[Black "Warmerdam, Max"]
[Result "1-0"]
[WhiteElo "2446"]
[BlackElo "2351"]
[PlyCount "71"]
[EventDate "2017.??.??"]

1. e4 c5 2. Nf3 d6 3. c3 Nf6 4. h3 Nbd7 5. Bd3 b6 6. O-O Bb7 7. Re1 Qc7 8. Bc2
Rc8 9. a4 e6 10. Na3 Be7 11. d4 cxd4 12. Nb5 Qb8 13. cxd4 O-O 14. Bf4 a6 15.
Nc3 e5 16. Bh2 Rfe8 17. Bb3 h6 18. Nh4 Qa8 19. dxe5 dxe5 20. Bxf7+ Kxf7 21.
Qb3+ Nd5 22. Nf3 Bf6 23. Rad1 Nc5 24. Qa2 Rcd8 25. Nxd5 Bxd5 26. exd5 e4 27.
d6+ Kg6 28. Nd4 Nd3 29. Ne6 Nxe1 30. Rxe1 Qc6 31. Nxd8 Bxd8 32. b3 Bf6 33. Qe2
Qc3 34. d7 Rd8 35. Qxe4+ Kh5 36. Qg4# 1-0

[Event "NK Jeugd A"]
[Site "Assen"]
[Date "2017.04.24"]
[Round "3.2"]
[White "Den Hartog, Marijn"]
[Black "Schoppen, Casper"]
[Result "0-1"]
[WhiteElo "2227"]
[BlackElo "2423"]
[PlyCount "110"]
[EventDate "2017.??.??"]

1. d4 Nf6 2. Nc3 e6 3. e4 d5 4. e5 Nfd7 5. f4 c5 6. Nf3 Nc6 7. Be3 cxd4 8. Nxd4
Bc5 9. Qd2 O-O 10. O-O-O a6 11. Kb1 Qc7 12. Nb3 Be7 13. Nd4 Nxd4 14. Bxd4 b5
15. Qe3 b4 16. Ne2 Bc5 17. Ng3 Bxd4 18. Rxd4 a5 19. Nh5 f5 20. exf6 Nxf6 21.
Nxf6+ Rxf6 22. Bd3 Ba6 23. Re1 Bxd3 24. Qxd3 Qc6 25. Re5 Raf8 26. g3 Rf5 27.
Qe3 Rc8 28. Rd2 d4 29. Qxd4 Rxe5 30. fxe5 Qh1+ 31. Rd1 Qxh2 32. Rc1 Qe2 33. Qd7
Qc4 34. b3 Qc6 35. Qd3 Qd5 36. Qxd5 exd5 37. e6 Rc6 38. Re1 Kf8 39. e7+ Ke8 40.
Re5 Rg6 41. Rxd5 Rxg3 42. Rxa5 Kxe7 43. Rb5 Rg4 44. a3 bxa3 45. Ka2 Rg2 46. Rc5
Kd6 47. Rc4 h5 48. b4 Rg4 49. Rc5 g5 50. Kxa3 h4 51. Rc8 h3 52. Rh8 Rh4 53.
Rd8+ Kc7 54. Rd1 h2 55. Rh1 g4 0-1

[Event "NK Jeugd A"]
[Site "Assen"]
[Date "2017.04.24"]
[Round "3.3"]
[White "Van Dael, Siem"]
[Black "Vrolijk, Liam"]
[Result "1/2-1/2"]
[WhiteElo "2051"]
[BlackElo "2378"]
[PlyCount "67"]
[EventDate "2017.??.??"]

1. Nf3 Nf6 2. g3 b6 3. Bg2 Bb7 4. d3 e6 5. O-O Be7 6. e4 d5 7. e5 Nfd7 8. d4 c5
9. c3 O-O 10. h4 Nc6 11. Re1 b5 12. Bf1 b4 13. Bd3 bxc3 14. bxc3 cxd4 15. cxd4
Nb4 16. Bg5 h6 17. Bxe7 Qxe7 18. Bf1 Rfc8 19. Na3 Nb6 20. Qb3 Nc6 21. Rab1 Na5
22. Qb4 Qxb4 23. Rxb4 Rc3 24. Re3 Rac8 25. Nb5 Rxe3 26. fxe3 Rc1 27. Nxa7 Nbc4
28. Kf2 Rc2+ 29. Be2 Rxa2 30. Nb5 Ba6 31. Nc7 Nc6 32. Nxa6 Rxa6 33. Bxc4 Nxb4
34. Bxa6 1/2-1/2

[Event "NK Jeugd A"]
[Site "Assen"]
[Date "2017.04.24"]
[Round "3.4"]
[White "Van Hoorn, Geert"]
[Black "Van Foreest, Lucas"]
[Result "0-1"]
[WhiteElo "1952"]
[BlackElo "2477"]
[PlyCount "78"]
[EventDate "2017.??.??"]

1. e4 e6 2. d4 d5 3. Nc3 Nf6 4. e5 Ng8 5. f4 c5 6. Be3 cxd4 7. Bxd4 Nc6 8. Bf2
Nh6 9. Bd3 Qa5 10. Qd2 Ng4 11. Bg3 Bb4 12. a3 d4 13. axb4 Qxa1+ 14. Nd1 Ne3 15.
b5 Nb4 16. Be4 Bd7 17. Nf3 Qxd1+ 18. Qxd1 Nxd1 19. Kxd1 Bxb5 20. Nxd4 O-O-O 21.
c3 Bc6 22. Bxc6 Nxc6 23. Bf2 b6 24. Kc2 Nxd4+ 25. Bxd4 Kb7 26. g4 Rd5 27. Rf1
h5 28. g5 g6 29. b4 Rc8 30. Kb3 a5 31. Rf2 axb4 32. Kxb4 Ra8 33. Rb2 Kc6 34.
Kc4 Ra4+ 35. Kd3 Rb5 36. Rd2 Rb1 37. Rf2 Rd1+ 38. Kc2 Rdxd4 39. cxd4 Ra2+ 0-1

[Event "NK Jeugd A"]
[Site "Assen"]
[Date "2017.04.24"]
[Round "3.5"]
[White "Kevlishvili, Robby"]
[Black "Van Doren, Bas"]
[Result "1-0"]
[WhiteElo "2414"]
[BlackElo "1755"]
[PlyCount "89"]
[EventDate "2017.??.??"]

1. e4 c5 2. Nf3 Nc6 3. d4 cxd4 4. Nxd4 e5 5. Nb5 a6 6. Nd6+ Bxd6 7. Qxd6 Qf6 8.
Qxf6 Nxf6 9. Nc3 Nb4 10. Kd2 d5 11. a3 d4 12. axb4 dxc3+ 13. Ke3 Ng4+ 14. Ke2
Be6 15. bxc3 Rc8 16. f3 Nf6 17. Bd2 O-O 18. Ke3 Nd7 19. Bd3 Nb6 20. Rhb1 Nc4+
21. Ke2 Rfd8 22. Be1 Rd6 23. Bf2 f6 24. Bc5 Rd7 25. Ke1 Kf7 26. Be2 Ke8 27. g3
g6 28. Bd3 Kf7 29. f4 exf4 30. gxf4 Kg7 31. Kf2 Bf7 32. Bd4 Re8 33. Rd1 Red8
34. h4 h6 35. Rg1 h5 36. Rg3 Nd6 37. Rag1 Nb5 38. Bxb5 axb5 39. f5 Ra8 40. Ke3
Ra2 41. Rxg6+ Bxg6 42. Rxg6+ Kh7 43. Rxf6 Rxc2 44. Rf8 Kh6 45. e5 1-0

[Event "NK Jeugd A"]
[Site "Assen"]
[Date "2017.04.24"]
[Round "3.6"]
[White "Hartevelt, Leendert"]
[Black "Elgersma, Simon"]
[Result "0-1"]
[WhiteElo "1777"]
[BlackElo "2189"]
[PlyCount "60"]
[EventDate "2017.??.??"]

1. e4 e6 2. d4 d5 3. exd5 exd5 4. Bf4 Nf6 5. Nc3 c6 6. Bd3 Bb4 7. Nge2 O-O 8.
f3 a5 9. Qd2 a4 10. a3 Ba5 11. O-O c5 12. Bb5 cxd4 13. Nxd4 Nc6 14. Bxc6 bxc6
15. Nxc6 Qb6+ 16. Nd4 Qxb2 17. Ndb5 Bf5 18. Ra2 Qxa2 19. Nxa2 Bxd2 20. Bxd2
Bxc2 21. Nb4 Bb3 22. Nd4 Rfe8 23. Rb1 Bc4 24. Kf2 Nd7 25. Nbc6 Nc5 26. Bc3 Rac8
27. Kg3 f6 28. Bb4 Nb3 29. Rd1 Nxd4 30. Nxd4 g6 0-1

[Event "NK Jeugd A"]
[Site "Assen"]
[Date "2017.04.24"]
[Round "3.7"]
[White "Van Baar, Esper"]
[Black "Damen, Jip"]
[Result "0-1"]
[WhiteElo "2136"]
[BlackElo "1859"]
[PlyCount "82"]
[EventDate "2017.??.??"]

1. e4 g6 2. d4 Bg7 3. Nc3 d6 4. Be3 a6 5. h3 Nd7 6. g4 b6 7. Bg2 Bb7 8. Nge2 c5
9. Ng3 Rc8 10. O-O b5 11. Nce2 e6 12. f4 Ne7 13. c3 Nb6 14. b3 cxd4 15. cxd4 f5
16. gxf5 exf5 17. Qd3 O-O 18. Rac1 Qd7 19. exf5 Bxg2 20. Kxg2 Nxf5 21. Nxf5
gxf5 22. d5 Na8 23. Bd4 Kh8 24. Kh2 Rxc1 25. Rxc1 Nc7 26. Rg1 Ne8 27. Rg5 h6
28. Rg2 Qf7 29. Bxg7+ Nxg7 30. Qd4 Kh7 31. Qc3 Qb7 32. Nd4 Rg8 33. Nc6 Qf7 34.
Qd4 Nh5 35. Re2 Re8 36. Rxe8 Qxe8 37. Qd3 Kg6 38. Nd4 Qe4 39. Qxe4 fxe4 40. f5+
Kf6 41. Nc6 Kxf5 0-1

[Event "NK Jeugd A"]
[Site "Assen"]
[Date "2017.04.24"]
[Round "3.8"]
[White "De Boer, Bas"]
[Black "Hofstra, Tijmen"]
[Result "1-0"]
[WhiteElo "2107"]
[BlackElo "1558"]
[PlyCount "115"]
[EventDate "2017.??.??"]

1. d4 d5 2. c4 e6 3. Nc3 Nf6 4. Nf3 Bb4 5. Bg5 c6 6. e3 Nbd7 7. Nd2 Qa5 8. Qc2
dxc4 9. Bxf6 Nxf6 10. Bxc4 Nd5 11. Rc1 Nxc3 12. bxc3 Be7 13. Bd3 h6 14. O-O O-O
15. Nc4 Qc7 16. Ne5 c5 17. Bh7+ Kh8 18. Be4 Bd7 19. Rb1 Rab8 20. Qe2 Be8 21. f4
f5 22. Bf3 Bd6 23. Nc4 cxd4 24. cxd4 Bc6 25. Rfc1 Qd7 26. Nxd6 Qxd6 27. Bxc6
bxc6 28. Qa6 Rxb1 29. Rxb1 Rb8 30. Rc1 Qd5 31. Qxa7 Rb2 32. Qa8+ Kh7 33. Qxc6
Qxa2 34. Qf3 Rc2 35. Rxc2 Qxc2 36. h3 Kg6 37. Qf2 Qc1+ 38. Kh2 Qd1 39. Qa2 Kf6
40. Qa5 Qb3 41. Qe5+ Kg6 42. e4 fxe4 43. Qxe4+ Kf7 44. f5 Qb8+ 45. Kg1 Qb6 46.
Qxe6+ Qxe6 47. fxe6+ Kxe6 48. Kf2 Kd5 49. Ke3 g6 50. g3 Kd6 51. Ke4 Ke6 52. d5+
Kd6 53. Kd4 Kd7 54. Ke5 h5 55. Kf6 h4 56. gxh4 Kd6 57. Kxg6 Kxd5 58. h5 1-0